Environmentálne vplyvy ako faktor regionálneho rozvoja
Teoretické východiská, ktoré majú významný vplyv na regionálny rozvoj v cestovnom ruchu. Základné princípy environmentálne orientovaného systému riadenia - nástroje umožňujúce prenikanie firiem na zahraničný trh.
Saved in:
| Main Author: | |
|---|---|
| Other Authors: | |
| Format: | Book Chapter |
| Language: | Slovak |
| Subjects: | |
| Tags: |
No Tags, Be the first to tag this record!
|
MARC
| LEADER | 00000naa$a2200000$$$4500 | ||
|---|---|---|---|
| 001 | 0213749 | ||
| 005 | 20240502073552.8 | ||
| 041 | 0 | |a slo | |
| 044 | |a SK | ||
| 245 | 1 | 0 | |a Environmentálne vplyvy ako faktor regionálneho rozvoja |c Lucia Bednárová, Natália Jergová |
| 520 | |a Teoretické východiská, ktoré majú významný vplyv na regionálny rozvoj v cestovnom ruchu. Základné princípy environmentálne orientovaného systému riadenia - nástroje umožňujúce prenikanie firiem na zahraničný trh. | ||
| 610 | 2 | 0 | |a rozvoj regionálny |
| 610 | 2 | 0 | |a podnikanie |
| 610 | 2 | 0 | |a regióny |
| 610 | 2 | 0 | |a spolupráca regionálna |
| 610 | 2 | 0 | |a ruch cestovný |
| 610 | 2 | 0 | |a turistika |
| 610 | 2 | 0 | |a zariadenia rekreačné |
| 610 | 2 | 0 | |a environmentalistika |
| 100 | 1 | |a Bednárová, Lucia | |
| 700 | 1 | |a Jergová, Natália | |